[Event "5th Sinquefield Cup 2017 GCT"]
[Site "Saint Louis"]
[Date "2017.08.09"]
[Round "7"]
[White "So, Wesley"]
[Black "Caruana, Fabiano"]
[Result "1/2-1/2"]
[WhiteElo "2810"]
[BlackElo "2807"]
[Annotator "TA"]
[PlyCount "65"]
[EventDate "2017.??.??"]
[EventCountry "USA"]
[SourceTitle "playchess.com"]
[Source "ChessBase"]
[SourceQuality "1"]

{[%evp 18,65,44,20,25,18,27,22,31,27,26,26,26,12,7,7,9,13,9,12,14,12,13,10,17,11,10,10,17,17,17,17,17,14,20,20,28,21,28,28,28,3,28,28,28,28,28,0,0,0]} 1. d4 d5 2. Nf3 Nf6 3. c4 dxc4 4. e3 e6 5. Bxc4 c5 6. O-O a6 7. dxc5 Bxc5 8. Qxd8+ Kxd8 9. Be2 Ke7 10. Nbd2 Nc6 {D27: Queen's Gambit Accepted: Classical main line: 7 e4!? and 7 a4} 11. b3 Rd8 12. Bb2 b6 13. a3 a5 14. Rfc1 Bb7 15. Bxf6+ gxf6 16. Ne4 Bd6 17. Nxd6 Rxd6 {[#]} 18. Kf1 $146 Rad8 19. g3 f5 20. Ke1 Kf6 21. Rd1 Rxd1+ 22. Rxd1 Rxd1+ 23. Kxd1 Ne5 24. Nxe5 Kxe5 $11 {[%mdl 4096] Endgame KB-KB} 25. Kd2 Kd6 (25... Bd5 $5 {[%cal Rd5b3]}) 26. Kc3 Bc6 27. b4 axb4+ 28. Kxb4 h6 29. Bb5 Bf3 30. Be8 Ke7 31. Ba4 {[#] And now Kb5 would win.} Kd6 32. Be8 Ke7 33. Ba4 {Precision: White = 66%, Black = 76%.} 1/2-1/2

[Event "5th Sinquefield Cup 2017 GCT"]
[Site "Saint Louis"]
[Date "2017.08.09"]
[Round "7"]
[White "Nakamura, Hikaru"]
[Black "Aronian, Levon"]
[Result "0-1"]
[WhiteElo "2792"]
[BlackElo "2799"]
[Annotator "TA"]
[PlyCount "106"]
[EventDate "2017.??.??"]
[EventCountry "USA"]
[SourceTitle "playchess.com"]
[Source "ChessBase"]
[SourceQuality "1"]

{[%evp 17,106,20,33,16,10,23,22,31,20,33,16,25,35,28,35,0,0,0,0,-25,-24,-60,-42,-70,-72,-53,-42,-36,-20,-27,-33,-40,-40,-29,-35,-53,-48,-51,-54,-32,-46,-64,-68,-66,-63,-111,-107,-159,-162,-293,-288,-314,-314,-313,-313,-288,-312,-307,-306,-304,-285,-294,-267,-308,-149,-156,-151,-490,-490,-453,-453,-1017,-1017,-1017,-1017,-1017,-1017,-1017,-1017,-1017,-1017,-1010,-1010,-4133,-1010,-1010,-1009,-881,-881,-989,-962]} 1. c4 Nf6 2. Nc3 e5 3. Nf3 Nc6 4. g3 Bb4 5. Bg2 O-O 6. O-O e4 7. Ng5 Bxc3 8. bxc3 Re8 9. f3 e3 10. d3 {A29: English Opening: Four Knights Variation with 4 g3} d5 11. Qa4 h6 12. cxd5 {The position is equal.} Nxd5 13. Ne4 f5 14. Nc5 f4 {[#]} 15. Ne4 $146 ({Find the theoretical novelty and annotate with similar games:} 15. Bb2 Rb8 16. c4 Nde7 17. g4 b6 {½-½ (50) Svidler,P (2757)-Karjakin,S (2760) Moscow 2016}) 15... Rb8 16. Qa3 Re6 17. c4 Nde7 {[%cal Bd5e7,Be7f5,Bf5d4][%mdl 32]} 18. Bb2 Nf5 $1 19. d4 Ncxd4 20. Bxd4 Nxd4 21. Qxa7 Nc6 22. Qa3 Qf8 23. Qxf8+ Kxf8 24. Rfd1 g5 25. Nc3 Re7 26. Nd5 Rf7 27. h4 Ra8 28. a4 Na5 29. gxf4 gxf4 30. Kh2 Nxc4 31. Rac1 Nd2 32. Nxc7 (32. Bh3 $142 Bxh3 33. Kxh3) 32... Rxa4 $17 33. Bh3 {[#]} (33. Rg1 $142) 33... Nxf3+ $1 $19 {[%mdl 512]} 34. exf3 Ra2+ 35. Bg2 Rg7 $1 {[%cal Rg7g2]} 36. Rg1 {Strongly threatening Nd5.} Rg3 $1 {[%csl Gc8][%cal Rg3h3]} 37. Kh1 {Threatens to win with Rc4.} Bh3 38. Bf1 {aiming for Rxg3.} e2 39. Bxe2 Rxe2 40. Nd5 Rxf3 (40... Bg2+ $19 41. Rxg2 Rexg2 42. Rc8+ Kf7 43. Rc7+ Ke8 44. Rxb7 Rf2 45. Nf6+ Kd8 46. Rd7+ Kc8) 41. Rg6 $17 Re6 42. Rcg1 $2 (42. Rxe6 $17 {was the crucial defense.} Bxe6 43. Rd1) 42... Rxg6 $19 {Black is clearly winning.} 43. Rxg6 {[%mdl 4096] Endgame [#] KRB-KRN} Bd7 $1 44. Kg2 {[#]} (44. Rxh6 $142 Bc6 45. Rd6) 44... Rg3+ $1 45. Rxg3 fxg3 46. Kxg3 {KB-KN} Kf7 47. Kf4 Ke6 48. Nb4 Be8 49. Nd3 Kd5 50. Nf2 Bd7 (50... Kd4 $142 51. Ne4 b5) 51. Ke3 Ke5 52. Ne4 Bc6 53. Ng3 Bd5 {Precision: White = 49%, Black = 84%.} 0-1

[Event "5th Sinquefield Cup 2017 GCT"]
[Site "Saint Louis"]
[Date "2017.08.09"]
[Round "7"]
[White "Vachier-Lagrave, Maxime"]
[Black "Karjakin, Sergey"]
[Result "1/2-1/2"]
[WhiteElo "2789"]
[BlackElo "2773"]
[Annotator "TA"]
[PlyCount "90"]
[EventDate "2017.??.??"]
[EventCountry "USA"]
[SourceTitle "playchess.com"]
[Source "ChessBase"]
[SourceQuality "1"]

{[%evp 28,90,0,0,9,8,9,7,0,0,0,0,0,-12,0,0,0,0,0,0,0,0,0,0,0,0,0,0,0,0,0,0,0,0,0,0,0,0,0,0,0,0,0,0,0,0,0,0,0,0,0,0,0,0,0,0,0,0,0,0,0,0,0,0,0]} 1. e4 e5 2. Nf3 Nc6 3. Bb5 Nf6 4. O-O Nxe4 5. d4 Nd6 6. Bxc6 dxc6 7. dxe5 Nf5 8. Qxd8+ Kxd8 9. h3 Ke8 10. Nc3 h5 {C67: Ruy Lopez: Berlin Defence: 4 0-0 Nxe4} 11. Bf4 Be7 12. Rad1 Be6 13. Ng5 Rh6 14. Rfe1 Bb4 15. g4 {LiveBook: 14 Games. The position is equal.} hxg4 16. hxg4 Ne7 17. Nxe6 Rxe6 18. Kg2 Bxc3 19. bxc3 {[#]} Rd8 $146 20. Rxd8+ Kxd8 $11 {[%mdl 4096] Endgame KRB-KRN} 21. Rh1 Nd5 22. Bg3 Rh6 23. Rxh6 gxh6 {KB-KN} 24. Kh3 Nxc3 25. Kh4 Nxa2 26. Kh5 Nc3 {[#] Strongly threatening ...Ne2.} 27. Kxh6 a5 {aiming for ...Ke7.} 28. f4 a4 {White must now prevent ...Ne4.} 29. f5 Ke8 30. g5 {Hoping for g6.} a3 $1 {[%cal Ra3a2]} 31. e6 a2 32. Kg7 fxe6 33. f6 {f7+ is the strong threat.} a1=Q 34. f7+ Kd7 35. Be5 $1 Qa5 36. Bf6 Qc5 37. f8=Q Qxf8+ 38. Kxf8 {KB-KN} Ne4 39. Kf7 {[#]} Nxg5+ $1 {[%mdl 512]} 40. Bxg5 {KB-KP} Kd6 41. Kf6 e5 42. Kf5 Kd5 43. Bd8 Kd4 44. Bxc7 Kc3 45. Kxe5 Kxc2 {Precision: White = 95%, Black = 84%.} 1/2-1/2

[Event "5th Sinquefield Cup 2017 GCT"]
[Site "Saint Louis"]
[Date "2017.08.09"]
[Round "7"]
[White "Anand, Viswanathan"]
[Black "Nepomniachtchi, Ian"]
[Result "1-0"]
[WhiteElo "2783"]
[BlackElo "2751"]
[Annotator "TA"]
[PlyCount "79"]
[EventDate "2017.??.??"]
[EventCountry "USA"]
[SourceTitle "playchess.com"]
[Source "ChessBase"]
[SourceQuality "1"]

{[%evp 12,79,22,12,17,20,22,5,9,0,8,0,0,7,11,10,10,0,0,0,0,0,0,0,0,-17,10,12,26,14,39,8,12,11,0,0,0,-3,-9,-19,0,0,0,0,23,24,29,23,33,22,31,33,234,244,266,232,256,237,990,1001,925,950,1319,943,970,1350,1033,1088,948,827]} 1. e4 c5 2. Nf3 d6 3. d4 cxd4 4. Nxd4 Nf6 5. Nc3 a6 6. h3 e5 7. Nde2 h5 {B90: Sicilian Najdorf: Unusual White 6th moves, 6 Be3 Ng4 and 6 Be3 e5} 8. Bg5 Be6 9. Bxf6 Qxf6 {The position is equal.} 10. Nd5 Qd8 $1 11. Qd3 Nd7 12. O-O-O g6 (12... b5 13. Nec3 Rb8 14. Nb4 Qg5+ 15. Kb1 {1-0 (67) Anand,V (2775)-Nepomniachtchi,I (2766) Leuven 2017}) 13. Kb1 Nc5 14. Qf3 Bg7 15. Nec3 {[#]} b5 $146 16. Ne3 O-O 17. Rg1 Bh6 (17... h4 {seems wilder.} 18. Ncd5 Rb8 19. g3 b4 20. Nc4 hxg3 21. Rxg3 Qh4) 18. Ncd5 (18. Be2 {is interesting.} Kh7 19. g3 Rc8 20. h4 Kg7 21. Ncd5) 18... Bxe3 19. Qxe3 Rc8 (19... Bxd5 $5 20. Rxd5 Qc7 $11) 20. Be2 Kg7 (20... Bxd5 $5 21. Rxd5 Qc7 $11) 21. f4 (21. g4 $5 {[%cal Rg4h5]}) 21... Bxd5 $1 22. Rxd5 exf4 23. Qxf4 Re8 24. Rxd6 Qe7 25. e5 Qxe5 (25... Ne4 $5 26. Rd4 (26. Qxe4 $2 Qxd6 27. exd6 Rxe4 $19) 26... Qxe5 27. Qxe5+ Rxe5 $11) 26. Qxe5+ Rxe5 27. Bf3 Ne4 28. Bxe4 Rxe4 29. Rxa6 $11 {[%mdl 4096] Endgame KRR-KRR} Re2 30. c3 {[%cal Bc2c3,Bc3b4,Bb4b5,Bb5b6,Bb6b7][%mdl 32]} h4 31. Ra5 b4 $2 {[#]} ({Black should try} 31... Rb8 $1 $14) 32. cxb4 $18 Rcc2 33. b3 Rb2+ 34. Ka1 Rxg2 $2 (34... Rbc2 35. Ra7 Re6) 35. Rxg2 {White is clearly winning.} Rxg2 {[#] KR-KR} 36. b5 $1 Re2 37. b6 Re8 38. b7 Rb8 39. Rb5 f5 40. Kb2 {Precision: White = 63%, Black = 57%.} 1-0

[Event "5th Sinquefield Cup 2017 GCT"]
[Site "Saint Louis"]
[Date "2017.08.09"]
[Round "7"]
[White "Svidler, Peter"]
[Black "Carlsen, Magnus"]
[Result "1/2-1/2"]
[WhiteElo "2751"]
[BlackElo "2822"]
[Annotator "TA"]
[PlyCount "93"]
[EventDate "2017.??.??"]
[EventCountry "USA"]
[SourceTitle "playchess.com"]
[Source "ChessBase"]
[SourceQuality "1"]

{[%evp 25,93,0,-6,-27,-15,-20,-12,-2,-2,-21,0,-10,0,0,0,0,0,0,0,0,0,0,0,-21,-19,-22,-20,-27,-22,-27,-27,-34,-28,-84,-84,-84,-84,-84,-84,-84,-84,-84,-70,-84,-41,-84,-84,-84,-84,-108,-84,-108,-84,-100,-100,-100,-100,-100,-100,-100,-35,-35,-35,-35,-35,-35,-35,-35,0,-35]} 1. e4 e5 2. Nf3 Nc6 3. d4 exd4 4. Nxd4 Nf6 5. Nxc6 bxc6 6. e5 Qe7 7. Qe2 Nd5 8. c4 Ba6 9. b3 g6 10. f4 {C45: Scotch Game} (10. g3 Bg7 11. Bb2 O-O 12. Bg2 Rfe8 13. O-O Bxe5 14. Qxe5 Qxe5 15. Bxe5 Rxe5 16. cxd5 Bxf1 17. Kxf1 cxd5 18. Na3 c6 19. Nc2 a5 20. Rd1 Kf8 {½-½ (82) Nepomniachtchi,I (2732)-Ding,L (2783) Khanty-Mansiysk 2017}) 10... d6 11. Qf2 Nf6 12. Ba3 Qe6 13. Be2 dxe5 {LiveBook: 11 Games} 14. Bxf8 Kxf8 15. O-O {Strongly threatening fxe5.} exf4 16. Qxf4 Kg7 17. Nc3 Rae8 $146 (17... Rhe8 {is more complex.} 18. Rf2 Qd6 19. Qxd6 cxd6 20. Bf3 Rac8) ({Find the theoretical novelty and annotate with similar games:} 17... Rhe8) 18. Bf3 Qe3+ 19. Qxe3 Rxe3 20. Na4 Bc8 21. Bxc6 Rd8 22. Rae1 Rxe1 23. Rxe1 Rd2 24. Nc3 Rc2 25. Nb5 Rxa2 26. Nxc7 Rb2 27. Ne8+ Nxe8 28. Rxe8 $11 {[%mdl 4096] Endgame KRB-KRB} Be6 29. Bd5 (29. Ba4 $11 {keeps the balance.}) 29... Bxd5 $17 ({Much worse is} 29... Rxb3 $6 30. Bxe6 fxe6 31. Rxe6 $11) 30. cxd5 Rxb3 {KR-KR} 31. d6 {And now d7 would win.} Rd3 32. Ra8 Rxd6 {...Ra6 is the strong threat.} 33. Rxa7 Rd2 34. Ra6 g5 35. h3 h5 36. Ra5 Kg6 37. Rb5 Ra2 38. Kf1 Ra6 39. Kf2 f5 40. Rb8 Ra2+ 41. Kf3 {[#]} Ra3+ $1 42. Kf2 {[#]} g4 (42... h4 $1 $17 43. Rb6+ Kh5) 43. hxg4 $15 hxg4 44. g3 Ra2+ 45. Kf1 Ra1+ 46. Kf2 Ra2+ 47. Kf1 {Precision: White = 51%, Black = 64%.} 1/2-1/2

[Event "5th Sinquefield Cup 2017 GCT"]
[Site "Saint Louis"]
[Date "2017.08.10"]
[Round "8"]
[White "Caruana, Fabiano"]
[Black "Nakamura, Hikaru"]
[Result "1/2-1/2"]
[WhiteElo "2807"]
[BlackElo "2792"]
[Annotator "TA"]
[PlyCount "96"]
[EventDate "2017.??.??"]
[EventCountry "USA"]
[SourceTitle "playchess.com"]
[Source "ChessBase"]
[SourceQuality "1"]

{[%evp 12,96,37,23,38,17,9,6,0,0,0,-4,-17,-18,-11,-7,-6,-13,-2,-18,-17,-22,-22,-22,-22,-31,-23,-46,-32,-33,-33,-39,-39,-35,-36,-33,-41,-37,-33,-29,-33,-48,-42,-57,-46,-62,-36,-32,0,-37,-37,-58,-43,-46,-33,-67,-50,-65,-66,-101,-72,-75,-38,-56,-63,-44,126,126,125,126,93,89,158,0,0,0,0,0,0,0,0,0,0,0,0,0,0]} 1. d4 Nf6 2. c4 g6 3. Nc3 Bg7 4. e4 d6 5. h3 O-O 6. Bg5 c6 7. Nf3 {LiveBook: 168 Games} d5 {E90: King's Indian: Classical: Early deviations and 6 h3} (7... a6 8. a4 a5 9. Be2 Na6 10. O-O e5 11. Re1 exd4 12. Nxd4 Nc5 13. Qc2 Re8 14. Bf3 Qb6 15. Be3 Bd7 {½-½ (90) Aronian,L (2815)-Ivanchuk,V (2766) Beijing 2012}) 8. cxd5 (8. e5 $5 {[%cal Re5f6]} Ne4 9. Be3 $14) 8... cxd5 9. Bxf6 exf6 10. exd5 (10. Nxd5 f5 $17) 10... b6 $146 ({Predecessor:} 10... Nd7 11. Qb3 Nb6 12. a4 Re8+ 13. Be2 Bf5 14. a5 Nc8 15. Qxb7 {½-½ (42) Srokowski,J (2200)-Ufimtsev,A Soviet Union 1986}) 11. Be2 Na6 12. O-O Nc7 13. Qb3 Bb7 {[%cal Rc7d5]} 14. Bc4 Rb8 15. a4 a6 {[%cal Ba7a6,Ba6b5][%mdl 32]} 16. Rfe1 b5 17. axb5 axb5 18. Bd3 b4 19. Ne4 f5 20. Ned2 Nxd5 21. Bc4 Nb6 22. Qxb4 Nxc4 23. Qxc4 Bd5 24. Qc3 Qb6 {[%mdl 1024] Black has compensation.} 25. b3 Rfd8 26. Rac1 Bh6 27. Rc2 Qb7 28. Qd3 Qa8 29. Qf1 Qb7 30. Rc5 Qb4 31. Rc2 Ra8 32. Rd1 Qb7 33. Re1 Rd6 34. Rc5 Ra2 35. Re8+ {[#]} Kg7 $1 36. Qe1 Bf4 37. g3 $1 {[%cal Rg3f4]} Bxf3 38. gxf4 Be4 $2 (38... Rd7 $15 {keeps the upper hand.}) 39. Nxe4 $16 fxe4 40. Qc3 $36 {[%mdl 2048] [#] aiming for d5+. White has strong initiative.} (40. Rxe4 $6 Qxb3 41. Kg2 Qb7 $11) ({Don't take} 40. Qxe4 $6 Qxe4 41. Rxe4 Rd2 $14) 40... Qa6 41. d5+ ({Reject} 41. Rxe4 Ra1+ 42. Re1 Rxe1+ 43. Qxe1 Rxd4 $11) 41... Kh6 (41... Rf6 $142 42. Rxe4 (42. Rc6 Ra1+ 43. Kh2 Rh1+ 44. Kxh1 Qf1+ 45. Kh2 Qxf2+ 46. Kh1 Qf1+ 47. Kh2 Qxf4+ 48. Kg2 Qf1+ 49. Kh2 Qf2+ 50. Kh1 Qf1+ 51. Kh2 Qf2+ 52. Kh1 Qf1+ 53. Kh2 $11) 42... Ra1+ 43. Re1 Rxe1+ 44. Qxe1 Qd6) 42. Rg8 $2 (42. Rxe4 $16 {Black must now prevent f5!} Ra1+ 43. Re1 Rxe1+ 44. Qxe1) 42... Ra1+ $11 {The position is equal.} 43. Kh2 Rh1+ 44. Kxh1 Qf1+ 45. Kh2 {White wants to mate with Qg7+.} Qxf2+ 46. Kh1 {Threatening mate with Qg7+.} Qf1+ 47. Kh2 Qf2+ 48. Kh1 {White threatens Qg7+ and mate.} Qf1+ {Precision: White = 58%, Black = 66%.} 1/2-1/2

[Event "5th Sinquefield Cup 2017 GCT"]
[Site "Saint Louis"]
[Date "2017.08.10"]
[Round "8"]
[White "Aronian, Levon"]
[Black "Svidler, Peter"]
[Result "1/2-1/2"]
[WhiteElo "2799"]
[BlackElo "2751"]
[Annotator "TA"]
[PlyCount "37"]
[EventDate "2017.??.??"]
[EventCountry "USA"]
[SourceTitle "playchess.com"]
[Source "ChessBase"]
[SourceQuality "1"]

{[%evp 15,37,35,43,12,37,37,61,59,47,-16,-20,0,0,-20,0,-73,-64,-90,104,-41,0,-103,129,-40]} 1. Nf3 Nf6 2. c4 c5 3. Nc3 d5 4. cxd5 Nxd5 5. e3 Nxc3 6. bxc3 g6 7. h4 {[%cal Bh2h4,Bh4h5][%mdl 32] A34: Symmetrical English: 2 Nc3, lines with ...d5} Bg7 8. h5 Nc6 {LiveBook: 10 Games} 9. Be2 $146 {White is slightly better.} ({Predecessor:} 9. Rb1 Qc7 10. hxg6 hxg6 11. Rxh8+ Bxh8 12. Qb3 b6 13. Ng5 e6 {½-½ (33) Bauer,C (2632)-Howell,D (2655) Reading 2017}) 9... Bf5 10. Qb3 b6 11. Ng5 e6 12. f4 (12. Qa4 $14 Rc8 13. Bb5) 12... h6 $11 13. Qa4 Rc8 14. Ne4 (14. Nxf7 $5 Kxf7 15. e4 $15) 14... g5 15. Bb5 (15. fxg5 $11 {keeps the balance.} hxg5 16. g4) 15... Qd5 $17 16. Nf2 $1 {[#] Threatens to win with e4.} Qd6 $2 (16... Qxg2 $17 {keeps the pressure on.} 17. e4 O-O 18. Bxc6 (18. fxg5 Ne5 $11) 18... Rxc6 19. fxg5 (19. Qxc6 $2 g4 $19) 19... b5 20. Qxb5 Bxe4 21. gxh6 Bxh6) 17. Ne4 (17. fxg5 $16 O-O 18. gxh6 Bxh6 19. e4) 17... Qd5 (17... Bxe4 $15 18. Qxe4 gxf4) 18. Nf2 $1 {Hoping for e4.} Qd6 $2 (18... Qxg2 $17 {and life is bright. aiming for ...0-0.} 19. e4 O-O 20. fxg5 (20. Bxc6 Rxc6 21. fxg5 b5 $17) (20. exf5 $2 exf5 21. Rf1 g4 $19) 20... Bg4 21. Bxc6 Be5) 19. Ne4 $2 {Precision: White = 26%, Black = 21%.} ({White should try} 19. fxg5 $16 hxg5 20. e4) 1/2-1/2

[Event "5th Sinquefield Cup 2017 GCT"]
[Site "Saint Louis"]
[Date "2017.08.10"]
[Round "8"]
[White "Anand, Viswanathan"]
[Black "Vachier-Lagrave, Maxime"]
[Result "1/2-1/2"]
[WhiteElo "2783"]
[BlackElo "2789"]
[Annotator "TA"]
[PlyCount "60"]
[EventDate "2017.??.??"]
[EventCountry "USA"]
[SourceTitle "playchess.com"]
[Source "ChessBase"]
[SourceQuality "1"]

{[%evp 11,60,26,41,35,34,18,38,42,35,27,42,21,58,37,50,20,26,12,11,14,16,0,0,0,0,0,35,27,55,25,35,27,37,0,0,0,0,0,0,0,0,0,0,0,0,0,0,0,0,0,0]} 1. Nf3 c5 2. c4 Nf6 3. d4 cxd4 4. Nxd4 d5 5. cxd5 Nxd5 6. e4 Nb4 {[#] ...Qxd4! is the strong threat.} 7. Bb5+ {D06: Queen's Gambit: Symmetrical and Baltic Defences} (7. Be3 N8c6 8. Nb5 Bg4 9. f3 Qxd1+ 10. Kxd1 O-O-O+ 11. Nd2 Be6 12. Nxa7+ Nxa7 13. Bxa7 Nxa2 14. Bb5 Kc7 {1-0 (27) Salgado Lopez,I (2635)-Starostits,I (2494) Helsingor 2012}) 7... Bd7 8. Bc4 N8c6 9. Nxc6 {White is slightly better.} Nxc6 10. O-O e6 11. Nc3 $146 ({Predecessor:} 11. Be3 Be7 12. Nc3 O-O 13. f4 Rc8 14. Rf2 Be8 {1-0 (31) Silva,M (2268)-Sande,O (2254) ICCF email 2008}) 11... Be7 12. Bf4 O-O 13. Qd2 Be8 14. Rfd1 Qxd2 15. Rxd2 Rc8 16. Nb5 e5 17. Bg3 Na5 18. Bf1 Bxb5 19. Bxb5 f6 20. Rad1 Kf7 21. f3 a6 22. Bf1 (22. Bd7 {with more complications.} Rc7 23. Bh3 Nc4 24. Rc2 Rd8 25. Rdc1) 22... Nc4 {The position is equal.} 23. Bxc4+ (23. Re2 {keeps more tension.} Bc5+ 24. Bf2 Bxf2+ 25. Rxf2 Ne3 26. Rd7+) 23... Rxc4 24. Rd7 Rb8 25. Kf1 $36 {[%mdl 2048] White has good play.} Ke8 26. Be1 Rd8 27. Rxd8+ Bxd8 28. Ke2 Rc2+ 29. Rd2 Rxd2+ 30. Bxd2 Kd7 {Precision: White = 55%, Black = 70%.} 1/2-1/2

[Event "5th Sinquefield Cup 2017 GCT"]
[Site "Saint Louis"]
[Date "2017.08.10"]
[Round "8"]
[White "Karjakin, Sergey"]
[Black "So, Wesley"]
[Result "1-0"]
[WhiteElo "2773"]
[BlackElo "2810"]
[Annotator "TA"]
[PlyCount "135"]
[EventDate "2017.??.??"]
[EventCountry "USA"]
[SourceTitle "playchess.com"]
[Source "ChessBase"]
[SourceQuality "1"]

{[%evp 22,135,19,20,26,14,29,0,0,0,8,0,-8,-38,0,0,30,30,35,31,36,21,24,-47,14,4,9,9,8,6,13,-17,15,29,54,31,39,19,26,18,31,25,28,28,17,24,24,31,17,0,17,0,22,17,17,0,0,4,45,72,68,64,75,75,69,72,68,81,74,57,233,220,220,227,219,213,208,191,220,214,550,544,604,611,583,437,601,565,559,574,559,431,551,547,505,491,427,382,618,602,576,573,939,790,860,894,1754,735,12839,12839,12848,12848,12849,12849,12850,12850]} 1. e4 e5 2. Nf3 Nc6 3. Bc4 Bc5 4. O-O Nf6 5. d3 O-O 6. h3 d6 7. c3 a6 8. a4 {C54: Giuoco Piano: 4 c3 Nf6, main lines with 5 d4 and 5 d3} Ba7 9. Re1 h6 10. Nbd2 Be6 11. Bxe6 fxe6 12. b4 {LiveBook: 5 Games} Qe8 $146 ({Predecessor:} 12... Nh5 13. Ra2 Qf6 14. Nc4 b5 {½-½ (34) Anand,V (2786)-Carlsen,M (2832) Stavanger 2017}) 13. Nf1 Nh5 14. Be3 Bxe3 15. Rxe3 Nf4 16. Rb1 b5 17. Ra1 Qg6 {[%csl Gf4][%cal Rg6g2]} (17... d5 {with more complications.} 18. d4 exd4 19. Nxd4 Nxd4 20. cxd4 Qg6) 18. Ng3 Qf6 19. Ne2 Ng6 20. Qb3 Kh8 21. Rf1 Rab8 22. g3 (22. a5 $11) 22... Qf7 (22... Nf4 $1 $15 23. axb5 (23. gxf4 Qg6+ 24. Kh1 exf4 $15) 23... Nxe2+ 24. Rxe2 Qxf3) 23. Nh2 d5 24. Rf3 Qd7 25. axb5 axb5 26. Kg2 Rxf3 (26... Rfd8 {keeps more tension.} 27. Ng4 Ra8 28. h4 Nge7 29. h5 Nc8) 27. Nxf3 Rf8 {With the idea ...dxe4.} 28. Neg1 Ra8 29. Rc1 Qd6 30. Ne1 Nge7 31. Ngf3 Ng8 32. Nc2 Nf6 33. Re1 Rf8 34. Na3 Rb8 $1 35. Nc2 Rf8 36. Na3 {[%cal Bc2a3,Ba3b1,Bb1d2,Bd2b3][%mdl 32]} Rb8 $1 37. Nb1 Nd7 38. Nbd2 d4 39. Rc1 dxc3 40. Qxc3 Rb6 41. Nb3 $1 Nxb4 {Threatens to win with ...Na2.} 42. Qxc7 {Black must now prevent Qd8+.} Kh7 43. d4 Qxc7 44. Rxc7 Nf6 45. Nc5 Na6 $2 (45... exd4 $14 46. Nxd4 Na6 47. Nxa6 Rxa6) 46. Rc8 $1 $18 ({Inferior is} 46. Ra7 Nxc5 47. dxc5 Rc6 $11) 46... Nxc5 47. dxc5 {[%mdl 4096] Endgame KRN-KRN} Ra6 48. Nxe5 Nxe4 49. c6 {c7 is the strong threat.} Ra2 50. Kf3 Ng5+ $2 (50... Nf6 {is a better chance.} 51. Rb8 Nd5 52. Rxb5 Ra3+ 53. Kg2 Ra2) 51. Ke3 $1 Nxh3 52. Rb8 Rc2 53. f4 h5 54. Rxb5 Nf2 55. Kd4 Rd2+ 56. Kc5 Ne4+ 57. Kb6 Rc2 58. c7 Nd6 59. Rb3 Ne8 $2 (59... Rc1 60. Nd3 Rc2) 60. Nc6 {White is clearly winning.} Nxc7 61. Kxc7 {KRN-KR} Rc4 62. Kd6 h4 63. Ne5 Rd4+ 64. Ke7 (64. Kxe6 $142 hxg3 65. f5) 64... hxg3 65. Rxg3 {Intending Rh3+ and mate.} Rxf4 {[#]} 66. Rh3+ $1 Kg8 {[#]} 67. Ng6 $1 {[%csl Gg6][%cal Rh3h8]} Rf7+ 68. Ke8 {Precision: White = 46%, Black = 52%.} 1-0

[Event "5th Sinquefield Cup 2017 GCT"]
[Site "Saint Louis"]
[Date "2017.08.10"]
[Round "8"]
[White "Nepomniachtchi, Ian"]
[Black "Carlsen, Magnus"]
[Result "1/2-1/2"]
[WhiteElo "2751"]
[BlackElo "2822"]
[Annotator "TA"]
[PlyCount "63"]
[EventDate "2017.??.??"]
[EventCountry "USA"]
[SourceTitle "playchess.com"]
[Source "ChessBase"]
[SourceQuality "1"]

{[%evp 13,63,21,17,0,12,12,3,6,12,35,15,6,5,7,1,-2,22,26,25,11,15,7,11,6,27,27,29,39,82,23,20,20,23,23,20,20,20,20,30,35,42,42,42,42,42,42,42,42,42,42,72,0]} 1. c4 e5 2. Nc3 Nc6 3. Nf3 Nf6 4. g3 g6 5. d4 exd4 6. Nxd4 Bg7 7. Bg2 O-O {LiveBook: 95 Games} 8. Bf4 {A29: English Opening: Four Knights Variation with 4 g3} (8. O-O Re8 9. e3 Rb8 10. b3 Nxd4 11. exd4 d6 12. Bf4 Bf5 13. Qd2 Ne4 14. Nxe4 Bxe4 15. Rae1 Bxg2 16. Kxg2 Qd7 {½-½ (41) Delchev,A (2598)-Howell,D (2705) Skopje 2015}) 8... Nh5 9. Nxc6 dxc6 $146 ({Predecessor:} 9... bxc6 10. Be3 Qe7 11. Rc1 Bb7 12. O-O a5 13. c5 Bc8 14. Qa4 Bh8 15. b4 Bb7 16. bxa5 {1-0 (55) Boehme,S (2309)-Szabo,V (2333) LSS email 2012}) 10. Qxd8 {The position is equal.} Rxd8 11. Bxc7 Rd4 12. c5 Rc4 13. O-O Rxc5 14. Rfc1 Nf6 15. Bd6 Rh5 16. Rd1 Be6 17. Bf3 Ra5 18. Rd2 h6 19. Rad1 Ra6 20. e4 Bg4 {[#]} 21. Bxg4 (21. Be2 $1 $16 {Threatens to win with f3.} Bxe2 22. Rxe2) 21... Nxg4 $11 22. Kg2 Ne5 23. b3 {[%cal Bb2b3,Bb3c4][%mdl 32]} Nc4 24. bxc4 Bxc3 25. Rc2 Bg7 26. c5 $36 {[%mdl 2048] White has the initiative.} Re8 {[#]} 27. e5 $1 {[%mdl 512]} b5 ({Don't go for} 27... Bxe5 $2 28. Re1 $18) 28. cxb6 axb6 29. Rxc6 {Black must now prevent a3.} Rxa2 30. Re1 b5 31. Rb6 Rd2 32. Rxb5 {Precision: White = 63%, Black = 61%.} (32. Re3 $16) 1/2-1/2